ბათუმის შოთა რუსთაველის სახელმწიფო უნივერსიტეტის ბიბლიოთეკა

Вопросы численности, биомассы и продуктивности почвенных микроорганизмов (ბიბ.ჩანაწერი № 45990)

000 -LEADER
fixed length control field 00693nam a2200193Ia 4500
001 - CONTROL NUMBER
control field 12819
003 - CONTROL NUMBER IDENTIFIER
control field GE_BSU
008 - FIXED-LENGTH DATA ELEMENTS--GENERAL INFORMATION
fixed length control field 181216s||||||||xx |||||||||||||| ||und||
040 ## - CATALOGING SOURCE
Transcribing agency GE_BSU
080 ## - UNIVERSAL DECIMAL CLASSIFICATION NUMBER
Universal Decimal Classification number 631.4
245 ## - TITLE STATEMENT
Title Вопросы численности, биомассы и продуктивности почвенных микроорганизмов
245 ## - TITLE STATEMENT
Statement of responsibility, etc. Отв.ред.Т.В.Аристовская
260 ## - PUBLICATION, DISTRIBUTION, ETC.
Place of publication, distribution, etc. Ленинград
260 ## - PUBLICATION, DISTRIBUTION, ETC.
Name of publisher, distributor, etc. Наука
260 ## - PUBLICATION, DISTRIBUTION, ETC.
Date of publication, distribution, etc. 1972
300 ## - PHYSICAL DESCRIPTION
Extent 280стр.27см.
653 ## - INDEX TERM--UNCONTROLLED
Uncontrolled term Вопросы численности, биомассы и продуктивности почвенных микроорганизмов
942 ## - ADDED ENTRY ELEMENTS (KOHA)
Koha item type წიგნი
ეგზემპლარები
Withdrawn status Lost status Damaged status Not for loan Date acquired Barcode Date last seen Price effective from Koha item type
        2018-12-17 21037 2018-12-17 2018-12-17 წიგნი